00901 2200325 4500001002100000005001500021035002000036007000300056040001700059100003300076245007500109250001000184300003400194020002200228041000800250082000800258084001400266090001900280264003700299336002100336337003000357338002300387650001700410700003300427850001000460008004100470504002400511990002000535990002000555INLIS00000000000891720260513021501 a0010-1022000292ta aSBPUPADbind0 aHerlina RahmawatiePengarang1 aBencana AlamDan Masa Depan Bumi /cHerlina Rahmawati;Editor,Nurhasanah acet.1 aiv,112 hlm. :bilus. ;c23 cm a978-602-8219-69-3 aind a550 a550 HER b a970 CHA s 25-2 aJakarta :bNobel Edumedia,c2008 2rdacontentateks 2rdamediaatanpa perantara 2rdacarrieravolume 4aBencana alam0 aEditor,NurhasanahePengarang aPUPAD260513 0  aBibliografi,Hlm 111 a26.193/H/DPK/18 a26.192/H/DPK/18